000 00610nam a2200181 4500
001 111076
003 ES-MaACL
005 20230906185232.0
007 t|
008 061121s1971 sp r ||||1| spa d
100 1 _aOjeda Avilés, Antonio.
_986611
245 1 3 _aLa renuncia de derechos del trabajador /
_cAntonio Ojeda Avilés; prólogo de Manuel Alonso Olea.
260 _aMadrid :
_bInstituto de Estudios Políticos,
_c1971.
300 _a301 p. ;
_c21 cm.
700 1 _aAlonso Olea, Manuel.
_920374
710 2 _aInstituto de Estudios Políticos (Madrid)
_94924
852 _aES-MaACL
_jC-41982
_bR.78563
999 _c111076
_d111076